Hasta que el viento te devuelva la sonrisa (Registro nro. 15822)

Detalles MARC
000 - LÍDER
campo de control de longitud fija 00891nam a22002777i 4500
005 - FECHA Y HORA DE LA ÚLTIMA TRANSACCIÓN
campo de control 20210818182348.0
008 - ELEMENTOS DE DATOS DE LONGITUD FIJA - INFORMACIÓN GENERAL
campo de control de longitud fija 200127s2017 sp gr 000 fdspa d
020 ## - INTERNATIONAL STANDARD BOOK NUMBER
International Standard Book Number 9788417002534
040 ## - FUENTE DE CATALOGACIÓN
Agencia de catalogación original COMFC
Lenguaje de catalogación spa
Descripción convenciones rda
041 ## - CÓDIGO DE LENGUAJE
Código de idioma de texto / pista de sonido o título separado spa
082 04 - NÚMERO DE CLASIFICACIÓN DECIMAL DEWEY
Número de clasificación 863.6
Número de artículo R756h
100 1# - ENTRADA PRINCIPAL - NOMBRE PERSONAL
9 (RLIN) 55672
Nombre de la persona Roma, Alexandra
Término del Relator aut
245 10 - TÍTULO DECLARACIÓN
Título Hasta que el viento te devuelva la sonrisa
Declaración de responsabilidad Alexandra Roma
250 ## - DECLARACIÓN DE EDICIÓN
Sentencia de edición Primera edición
264 01 - AVISO DE PRODUCCIÓN, PUBLICACIÓN, DISTRIBUCIÓN, FABRICACIÓN Y DERECHOS DE AUTOR
Lugar de producción Barcelona
Nombre del productor Plataforma editorial
Fecha de producción 2017
300 ## - DESCRIPCIÓN FÍSICA
Alcance 563 páginas
Dimensiones 22 cm
336 ## - TIPO DE CONTENIDO
Fuente rdacontent
Tipo de contenido txt
337 ## - TIPO DE MEDIO
Fuente rdamedia
Término del tipo de medio n
338 ## - TIPO DE PORTADOR
Fuente rdacarrier
Término del tipo de operador nc
490 ## - DECLARACIÓN EN SERIE
-- 55477
Estado de cuenta de la serie Plataforma Neo
500 ## - NOTA GENERAL
Nota general Contiene datos biográficos de la autora
650 #0 - ENTRADA DE SUJETO AÑADIDO - TÉRMINO TÓPICO
9 (RLIN) 17034
Término tópico o elemento de entrada del nombre geográfico Amor
Subdivisión de forma Novela
650 #0 - ENTRADA DE SUJETO AÑADIDO - TÉRMINO TÓPICO
9 (RLIN) 45240
Término tópico o elemento de entrada del nombre geográfico Tragedias
Subdivisión de forma Novela
650 #0 - ENTRADA DE SUJETO AÑADIDO - TÉRMINO TÓPICO
9 (RLIN) 17887
Término tópico o elemento de entrada del nombre geográfico Accidentes
Subdivisión de forma Historias
Subdivisión general Novela
942 ## - ELEMENTOS DE ENTRADA AGREGADOS (KOHA)
Fuente de clasificación o esquema de estanterías Dewey Decimal Classification
Parte de clasificación 863.6 R756h
Prefijo del número de llamada 863.6
Sufijo del número de llamada R756h
Existencias
Estado de retirada Pérdida de estatus Fuente de clasificación o esquema de estanterías Estado dañado No para préstamo Código de recogida Ubicación permanente Ubicación actual Ubicación de las estanterías Fecha de adquisición Total de Cajas Número Topográfico Código de barras Precio efectivo desde Número de copia Fecha de la última salida Fecha de la última vez que se vio Tipo de artículo Koha
    Dewey Decimal Classification     General Biblioteca Pública Departamental Comfamiliar Risaralda Biblioteca Pública Departamental Comfamiliar Risaralda Área General 27/01/2020 1 863.6 R756h 1005017 27/01/2020 Ej. 1 20/03/2020 20/03/2020 Libro